01579nam a2200265 u 4500007000300000008004100003020001800044040000800062041000800070050002300078100003900101245005300140250002300193260003000216300004800246520065100294630005600945650002901001650003301030700003301063942000801096952009701104952009701201999001501298ta250321s2025 xx r 000 0 eng d a9781292340883 ctbs0 aeng aHD31 bR56471 2020 aRobbins, Stephen P.920547eauthor10aManagement c/ Stephen P. Robbins, Mary Coulter. aFifteenth edition  aHarlow :bPearson, c2020 a618 pages :billustrations (color) c28 cm. aREAL managers, REAL experiences. With a renewed focus on job-relevant skills, the newest edition of this bestselling text helps management and non-management students alike better prepare to enter the workforce. Management, 15th Edition, Global Edition, vividly illustrates effective management theories by incorporating the perspectives of real-life managers. Through examples, cases, and hands-on exercises, students will see and experience management in action—helping them develop the specific skills that employers are looking for and understand how the concepts they’re learning about actually work in today’s dynamic business world. 0aB1 Introduction to Business Management (BiM)92623000aBusiness management922300aManagementvTextbooks926462 aCoulter, Maryeauthor921881 2lcc 00102lcc40708CTaTBSbTBSd2025-10-21l0oHD31 ROBpB05662r2025-10-21t1w2025-10-21y1 00102lcc40708CTaTBSbTBSd2025-11-11l0oHD31 ROBpB05661r2025-11-11t2w2025-11-11y1 c5068d5068